Vražedné roráty /
„Fuj, to je ale kosa!“ zahalil se postarší muž zimomřivě do kabátu. „Však se hned zahřeješ! Vezmi mobil a zavolej měšťáky, ať si pro něj přijedou,“ ukázal jeho společník na člověka bezvládně ležícího na cyklotrase vedoucí z Nymburka do Poděbrad. Do mrazivého počasí ale bude muset především kapitán P...
Uloženo v:
| Hlavní autor: | |
|---|---|
| Médium: | E-kniha |
| Jazyk: | Czech |
| Vydáno: |
Praha :
Moravská Bastei MOBA, s.r.o.,
2026
|
| Tagy: |
Žádné tagy |
| LEADER | 01646nam a22002297i 4500 | ||
|---|---|---|---|
| 001 | 313754 | ||
| 007 | ta | ||
| 008 | 260613s2026 xr ||||| |||| 00| 0 cze d | ||
| 020 | |a 9788027924820 | ||
| 044 | |a xr | ||
| 100 | 1 | |a Novotná, Martina |4 aut | |
| 245 | 1 | 0 | |a Vražedné roráty / |c Novotná, Martina |
| 264 | 1 | |a Praha : |b Moravská Bastei MOBA, s.r.o., |c 2026 | |
| 300 | |a 1 online zdroj (272 stran) | ||
| 336 | |a text |b txt |2 rdacontent | ||
| 337 | |a bez média |b n |2 rdamedia | ||
| 338 | |a online zdroj |b cr |2 rdacarrier | ||
| 520 | 2 | |a „Fuj, to je ale kosa!“ zahalil se postarší muž zimomřivě do kabátu. „Však se hned zahřeješ! Vezmi mobil a zavolej měšťáky, ať si pro něj přijedou,“ ukázal jeho společník na člověka bezvládně ležícího na cyklotrase vedoucí z Nymburka do Poděbrad. Do mrazivého počasí ale bude muset především kapitán Přibyl a poručík Dvořák z kriminálky, aby zjistili, kdo a proč postaršího finančního poradce zavraždil. A protože k tomu navíc došlo hned poté, co nebožtík odešel z ranní mše v kostele sv. Jiljí, zavede vyšetřování kriminalisty znovu i do nymburského svatostánku. Jde jen o náhodu, nebo mužova smrt souvisí se štědrými dary zdejší farnosti? | |
| 910 | |a RBIT002 | ||
| 998 | |d 427717 |a https://core.palmknihy.cz/api/books/427717/cover?tgcwpg |b https://core.palmknihy.cz/api/books/427717/cover/400?tgcwpg |c https://core.palmknihy.cz/api/books/427717/cover/50?tgcwpg |e 2030-02-25 |g 272 |i 9788027924820 |j https://core.palmknihy.cz/api/books/427717/preview.epub |l |q 49 |r 1 |s https://www.palmknihy.cz/kniha/427717 |t ebook |y 2026 |z 1 | ||
| 999 | |d 313752 | ||